000 01474nam a22004097a 4500
001 0017469
003 KOHA_MİRAKIL
005 20260207002140.0
007 ta
008 100521b1999 tu |||gro|||#1|||0|eng |
020 _a9755611614
_c0,01
040 _aTR-BiSEU
_btur
_cTR-BiSEU
_erda
041 0 _aeng
044 _ctu
050 _aT6.T45
_bS35 1999
111 2 _aScience, Technology and Society International Symposium (1999: İstanbul)
_940559
240 1 0 _aUluslararası bilim, teknoloji ve toplum sempozyumu
_lİngilizce
245 1 _aScience, technology and society international symposium =
_bUluslararası bilim, teknoloji ve toplum sempozyumu/
_ceditörler Hacer Ansal, Deniz Çalışır.
264 1 _aİstanbul :
_bIstanbul Technical University
_c1999
300 _aXIII, 220 sayfa: resimli; 27 cm.
336 _ametin
_btxt
_2rdacontent
337 _aaracısız
_bn
_2rdamedia
338 _acilt
_bnc
_2rdacarrier
490 1 _aInstitute of Social Science Publication ;
_vno.
490 1 _a1
500 _aEser çift dillidir (İngilizce-Türkçe).
650 0 _aTeknoloji--Kongreler.
_940560
650 0 _aBilim--Kongreler.
_940561
650 0 _aToplum--Kongreler
_940562
650 0 _aTechnology--Congresses.
_932830
650 0 _aScience--Congresses.
_940563
650 0 _aSociety--Congresses.
_940564
830 1 _aInstitute of Social Science Publication ;
_vno.
_940565
830 1 _a1
_92570
907 _aSempozyum
942 _2lcc
_cBK
999 _c17426
_d17426